How many times can you type "yuh" in 15 seconds? - Statistics

General Stats
  • This quiz has been taken 416 times
  • The average score is 27 of 100
Answer Stats
yuh % Correct
yuh
100%
yuh
98%
yuh
97%
yuh
95%
yuh
94%
yuh
94%
yuh
93%
yuh
93%
yuh
92%
yuh
91%
yuh
89%
yuh
87%
yuh
83%
yuh
79%
yuh
75%
yuh
73%
yuh
69%
yuh
65%
yuh
60%
yuh
56%
yuh
53%
yuh
48%
yuh
41%
yuh
36%
yuh
33%
yuh
31%
yuh
26%
yuh
24%
yuh
23%
yuh
22%
yuh
19%
yuh
18%
yuh
16%
yuh
16%
yuh
15%
yuh
15%
yuh
15%
yuh
14%
yuh
14%
yuh
13%
yuh
13%
yuh
13%
yuh
13%
yuh
13%
yuh
12%
yuh
12%
yuh
11%
yuh
11%
yuh
11%
yuh
11%
yuh
11%
yuh
11%
yuh
10%
yuh
10%
yuh
9%
yuh
9%
yuh
9%
yuh
9%
yuh
9%
yuh
9%
yuh
9%
yuh
9%
yuh
9%
yuh
9%
yuh
9%
yuh
9%
yuh
9%
yuh
9%
yuh
9%
yuh
9%
yuh
9%
yuh
9%
yuh
9%
yuh
9%
yuh
8%
yuh
8%
yuh
8%
yuh
8%
yuh
8%
yuh
8%
yuh
8%
yuh
8%
yuh
8%
yuh
8%
yuh
8%
yuh
8%
yuh
8%
yuh
8%
yuh
8%
yuh
7%
yuh
7%
yuh
7%
yuh
7%
yuh
7%
yuh
6%
yuh
6%
yuh
6%
yuh
6%
yuh
6%
yuh
6%
No matching quizzes found
Score Distribution
Percent of People with Each Score
Percentile by Number Answered
Your Score History
You have not taken this quiz